000 00368nam a2200157Ia 4500
003 OSt
005 20240130162552.0
008 170619s9999 xx 000 0 und d
020 _a9788120324589
040 _cIIMT ENGINEERING COLLEGE
245 0 _aIntroduction to AI Robotics
260 _bNew Delhi: PHI
260 _c2004
546 _aENGLISH
942 _2ddc
_c02
999 _c17905
_d17905